000 01431cas a22003737ar4500
005 20220329142006.0
008 981202c1965 fr qr p rnn 0 0b0eng d
010 _a76750
011 _a77722
022 0 _a1164-5563
035 _a87406
245 0 0 _aEuropean Journal of Soil Biology
260 0 _aParis, France :
_bGauthier-Villars,
_c199?-
300 _av.
310 _aTrimestral
362 1 _av.33 n.3, 1997
590 _aBATCH-UPD
_b10
_c20130110
_lUCH01
_h0402
590 _aBATCH-UPD
_b10
_c20130410
_lUCH01
_h0036
590 _aBATCH-UPD
_b10
_c20130914
_lUCH01
_h2035
590 _aCONVERSION
_b10
_c20130109
_lUCH01
_h1342
650 1 4 _aSuelos
_xBiología
_xPublicaciones periódicas.
_9110220
650 1 4 _aSuelos
_xEuropa
_xPublicaciones periódicas.
_9110363
785 _tRevue D' Ecologie et de Biologie du Sol
866 _av. 34 n. 1 (Jan., 1998) - v. 35 n. 4 (Sep., 1999)
866 _av. 36 n. 1 (Dec., 1999) - v. 36 n. 4 (Sep., 2000)
866 _av. 37 n. 1 (March 2001) - v. 37 n. 4 (December 2001)
866 _av. 39 n. 1 (March 2003) - v. 39 n. 4 (December 2003)
866 _av. 42 n. 1 (March 2006) - v. 44 n. 6 (December 2008)
866 _av. 45 n. 1 (January 2009) - v. 45 n. 6 (December 2009)
866 _av.29 n.1-v.33 n.4 - (1993-1997)
901 _aSE
905 _aLilia Sánchez G.
999 _c76750
_d76750